[Event "41. Offene Stadtmeisterschaft"]
[Site "Bergisch Gladbach"]
[Date "2019.08.30"]
[Round "1.1"]
[White "Gnass, Arno"]
[Black "Eilers, Jochen"]
[Result "0-1"]
[WhiteElo "1594"]
[BlackElo "2003"]
[PlyCount "46"]
[EventDate "2020.??.??"]
[EventRounds "7"]

1. d4 c5 2. dxc5 Na6 3. g3 Nxc5 4. Bg2 Nf6 5. Nf3 g6 6. O-O Bg7 7. Nc3 O-O 8.
Ne5 d6 9. Nd3 Nxd3 10. exd3 Bg4 11. f3 Be6 12. Re1 Qb6+ 13. Kh1 Rac8 14. Qe2
Nd5 15. Nxd5 Bxd5 16. c3 Qc6 17. g4 e5 18. Be3 a5 19. Qf2 f5 20. Bb6 e4 21. c4
exf3 22. Bf1 Bf7 23. Bd4 Bxd4 0-1

[Event "41. Offene Stadtmeisterschaft"]
[Site "Bergisch Gladbach"]
[Date "2019.08.30"]
[Round "1.2"]
[White "Ljuboschiz, Alexander"]
[Black "Shelukie, Magd"]
[Result "1-0"]
[WhiteElo "1928"]
[BlackElo "1527"]
[PlyCount "49"]
[EventDate "2020.??.??"]
[EventRounds "7"]

1. e4 c5 2. Nf3 Nc6 3. Nc3 e6 4. d4 cxd4 5. Nxd4 a6 6. Be3 Nf6 7. Bd3 Be7 8.
O-O Ne5 9. h3 O-O 10. f4 Nxd3 11. cxd3 d5 12. e5 Nd7 13. a4 Nc5 14. Qd2 Qb6 15.
a5 Qa7 16. Qf2 f6 17. exf6 Rxf6 18. Na4 e5 19. Nxc5 exf4 20. Nd7 Bxd7 21. Bxf4
Raf8 22. Qe3 Re8 23. Be5 Re6 24. Qf2 Qc5 25. Qf7+ 1-0

[Event "41. Offene Stadtmeisterschaft"]
[Site "Bergisch Gladbach"]
[Date "2019.08.30"]
[Round "1.3"]
[White "Stuch, Hans-Ferdinand"]
[Black "Kuhn, Andreas"]
[Result "0-1"]
[WhiteElo "1519"]
[BlackElo "1920"]
[PlyCount "44"]
[EventDate "2020.??.??"]
[EventRounds "7"]

1. e4 d6 2. d4 Nf6 3. Nc3 Nbd7 4. f3 e5 5. d5 Be7 6. Be3 c6 7. Bc4 O-O 8. a4
Nb6 9. Bb3 cxd5 10. exd5 Bf5 11. Nge2 Rc8 12. Ng3 Bg6 13. Qe2 Nbxd5 14. Nxd5
Nxd5 15. Bd2 Nf4 16. Bxf4 exf4 17. Nf1 Bf6 18. O-O-O Qb6 19. Qb5 Qf2 20. Rd2
Qe1+ 21. Rd1 Bxb2+ 22. Kxb2 Qxd1 0-1

[Event "41. Offene Stadtmeisterschaft"]
[Site "Bergisch Gladbach"]
[Date "2019.08.30"]
[Round "1.4"]
[White "Gutt, Oswald"]
[Black "Friske, Hans"]
[Result "1-0"]
[WhiteElo "1882"]
[BlackElo "1509"]
[PlyCount "93"]
[EventDate "2020.??.??"]
[EventRounds "7"]

1. d4 d5 2. Nf3 Nf6 3. c4 c6 4. e3 e6 5. Nc3 dxc4 6. Bxc4 b5 7. Bd3 Bb7 8. O-O
Nbd7 9. Re1 Nb6 10. e4 b4 11. Na4 h6 12. Qb3 Be7 13. Bd2 a5 14. Rac1 Nxa4 15.
Qxa4 O-O 16. Bb1 c5 17. dxc5 Qc7 18. Qc2 e5 19. Nh4 Rfd8 20. Nf5 Bf8 21. c6 Bc8
22. Be3 Be6 23. Qe2 Kh7 24. Qf3 g6 25. Nxh6 Bg7 26. h3 Nh5 27. Ng4 Bxg4 28.
Qxg4 Rd6 29. Red1 Rxc6 30. Rxc6 Qxc6 31. g3 Nf6 32. Qf3 Qe6 33. Kg2 Qc6 34. Rc1
Qe6 35. Qd1 Qe7 36. Bg5 Qb7 37. Qe2 Rc8 38. Rd1 Qc6 39. Kh2 Rc7 40. Bd3 Qc5 41.
Rc1 Qd6 42. b3 Rxc1 43. Bxc1 Nd7 44. Bc4 f6 45. Be3 Nc5 46. Qg4 Qc7 47. Qh4+
1-0

[Event "41. Offene Stadtmeisterschaft"]
[Site "Bergisch Gladbach"]
[Date "2019.08.30"]
[Round "1.5"]
[White "Schüers, Christian"]
[Black "Themm, Rainer"]
[Result "0-1"]
[WhiteElo "1482"]
[BlackElo "1836"]
[PlyCount "106"]
[EventDate "2020.??.??"]
[EventRounds "7"]

1. d4 Nf6 2. c4 d5 3. e3 c6 4. Nf3 Bg4 5. Nc3 e6 6. h3 Bxf3 7. Qxf3 Nbd7 8.
cxd5 exd5 9. Bd3 Be7 10. O-O O-O 11. Rb1 Re8 12. Rd1 a5 13. e4 dxe4 14. Nxe4
Nxe4 15. Bxe4 Nf6 16. Bc2 Qd5 17. Qxd5 Nxd5 18. a3 Bf6 19. g3 b5 20. h4 Rad8
21. Kf1 Rd7 22. Bd2 Ra8 23. Bf5 Rd6 24. Be1 Ne7 25. Bg4 Rxd4 26. Rxd4 Bxd4 27.
b3 f5 28. Be2 Bb6 29. a4 b4 30. Rd1 Rd8 31. Bc4+ Kf8 32. Rxd8+ Bxd8 33. Be6 g6
34. Bd2 Kg7 35. Bc4 Nd5 36. Ke2 Kf7 37. Kf3 Bb6 38. Bg5 Ke6 39. Bf4 h5 40. Bb8
Ke7 41. Be5 Nc3 42. Bf4 Ne4 43. Be3 Bxe3 44. Kxe3 c5 45. Bd5 Nd6 46. Bf3 Kf6
47. Bd1 Ke5 48. Bc2 Ne4 49. Bd3 Nd6 50. Bc2 c4 51. f3 c3 52. Bd3 Nb7 53. f4+
Kf6 0-1

[Event "41. Offene Stadtmeisterschaft"]
[Site "Bergisch Gladbach"]
[Date "2019.08.30"]
[Round "1.6"]
[White "Türkkan, Nuh"]
[Black "Hoferichter, Michael"]
[Result "1-0"]
[WhiteElo "1812"]
[BlackElo "1453"]
[PlyCount "111"]
[EventDate "2020.??.??"]
[EventRounds "7"]

1. c4 Nf6 2. Nc3 e6 3. e4 d6 4. d4 Nc6 5. Nf3 Be7 6. Bd3 O-O 7. O-O h6 8. a3 a5
9. h3 Re8 10. Be3 Bf8 11. Rb1 e5 12. d5 Ne7 13. c5 c6 14. dxc6 Nxc6 15. Bb5 Re6
16. Bc4 Re8 17. Qb3 Be6 18. Bxe6 Rxe6 19. Rfd1 Qc8 20. Nd5 Nd7 21. cxd6 Bxd6
22. Rbc1 Ra6 23. Nh4 a4 24. Qb5 Qa8 25. Nf5 Ra5 26. Qe2 Bf8 27. Nc7 Qd8 28.
Nxe6 fxe6 29. Qc4 Kf7 30. Nd6+ Bxd6 31. Rxd6 Qe7 32. Rcd1 Nf8 33. Bb6 Ra8 34.
Bc5 Qe8 35. Qe2 Na5 36. Qh5+ Ng6 37. Rd7+ Kf6 38. R1d3 Nc6 39. Rf3+ Nf4 40.
Qh4+ g5 41. Qxh6+ Qg6 42. Qxg6+ Kxg6 43. Rxb7 Rd8 44. g3 Nxh3+ 45. Kg2 g4 46.
Rff7 Rg8 47. Bf8 Ng5 48. Rg7+ Rxg7 49. Rxg7+ Kh5 50. Rc7 Nd4 51. Bg7 Ndf3 52.
Rc4 Nd2 53. Rxa4 Ngxe4 54. Bxe5 Ng5 55. Bf4 Ngf3 56. Bxd2 1-0

[Event "41. Offene Stadtmeisterschaft"]
[Site "Bergisch Gladbach"]
[Date "2019.08.30"]
[Round "1.7"]
[White "Roder, Stephan"]
[Black "Schäde, Maximilian"]
[Result "0-1"]
[WhiteElo "1437"]
[BlackElo "1769"]
[PlyCount "36"]
[EventDate "2020.??.??"]
[EventRounds "7"]

1. d4 d5 2. Bf4 Nf6 3. e3 e6 4. Bd3 c5 5. c3 Nc6 6. Nd2 cxd4 7. exd4 Be7 8.
Ngf3 O-O 9. Qc2 g6 10. Bh6 Re8 11. Bb5 Bd6 12. Ne5 Qc7 13. Qa4 Bxe5 14. Bxc6
bxc6 15. dxe5 Qxe5+ 16. Kf1 Bd7 17. Bf4 Qf5 18. Nf3 c5 0-1

[Event "41. Offene Stadtmeisterschaft"]
[Site "Bergisch Gladbach"]
[Date "2019.08.30"]
[Round "1.9"]
[White "Nölle, Nathalie"]
[Black "Winckler, Andreas"]
[Result "0-1"]
[WhiteElo "1297"]
[BlackElo "1759"]
[PlyCount "50"]
[EventDate "2020.??.??"]
[EventRounds "7"]

1. d4 d5 2. Bf4 Nf6 3. e3 g6 4. Nc3 Bg7 5. Qd2 O-O 6. Bd3 c6 7. e4 dxe4 8. Nxe4
Nxe4 9. Bxe4 Qxd4 10. Qxd4 Bxd4 11. c3 Bg7 12. O-O-O e5 13. Be3 Be6 14. a3 Nd7
15. b4 Nf6 16. Bf3 a5 17. Bc5 Rfe8 18. b5 e4 19. Be2 Nd5 20. c4 Nc3 21. Rd2
cxb5 22. cxb5 Bh6 23. Be3 Bg7 24. f3 Rac8 25. Rc2 Bb3 0-1

[Event "41. Offene Stadtmeisterschaft"]
[Site "Bergisch Gladbach"]
[Date "2019.08.30"]
[Round "1.10"]
[White "Behle, Burkhard"]
[Black "Nölle, Lisa"]
[Result "1-0"]
[WhiteElo "1758"]
[BlackElo "1274"]
[PlyCount "59"]
[EventDate "2020.??.??"]
[EventRounds "7"]

1. d4 f5 2. g3 Nf6 3. Bg2 e6 4. Nf3 Be7 5. O-O d6 6. b3 O-O 7. Bb2 Qe8 8. e3
Qh5 9. Nbd2 Ne4 10. c4 Nxd2 11. Nxd2 Qxd1 12. Raxd1 Nd7 13. f4 Nf6 14. e4 Ng4
15. Rfe1 Nf6 16. exf5 Bd8 17. fxe6 Re8 18. f5 c6 19. d5 c5 20. h3 a5 21. a4 b6
22. g4 h6 23. Bf3 Ra7 24. Kg2 Rae7 25. h4 Nh7 26. Ne4 Bc7 27. g5 hxg5 28. hxg5
Rf8 29. Bg4 Kh8 30. Rh1 1-0

[Event "41. Offene Stadtmeisterschaft"]
[Site "Bergisch Gladbach"]
[Date "2019.08.30"]
[Round "1.11"]
[White "Bernecker, Jan Magnus"]
[Black "Nichte, Philipp"]
[Result "0-1"]
[WhiteElo "1188"]
[BlackElo "1746"]
[PlyCount "52"]
[EventDate "2020.??.??"]
[EventRounds "7"]

1. e4 c6 2. Nf3 d5 3. Bd3 Bg4 4. h3 Bh5 5. b3 Nd7 6. exd5 cxd5 7. Bb2 Ngf6 8.
Be2 e6 9. Nc3 Rc8 10. O-O Bd6 11. Nb5 Bb8 12. Ba3 Nc5 13. d4 Nce4 14. Bd3 a6
15. c3 axb5 16. Bxb5+ Nd7 17. Bb2 Qc7 18. Bxd7+ Qxd7 19. Ne5 Bxd1 20. Nxd7 Kxd7
21. Rfxd1 Nxc3 22. Bxc3 Rxc3 23. Rdc1 Rxc1+ 24. Rxc1 Rc8 25. Rxc8 Kxc8 26. f3
Ba7 0-1

[Event "41. Offene Stadtmeisterschaft"]
[Site "Bergisch Gladbach"]
[Date "2019.08.30"]
[Round "1.12"]
[White "Schläbitz, Joel"]
[Black "Wilde, Christian"]
[Result "1-0"]
[WhiteElo "1730"]
[BlackElo "1177"]
[PlyCount "65"]
[EventDate "2020.??.??"]
[EventRounds "7"]

1. e4 e6 2. d4 d5 3. Nc3 dxe4 4. Nxe4 Nf6 5. Bg5 Nbd7 6. Qf3 Be7 7. O-O-O Nxe4
8. Bxe7 Qxe7 9. Qxe4 Nf6 10. Qe5 a6 11. g4 Qd6 12. Nf3 Qd5 13. Bg2 h6 14. Kb1
O-O 15. g5 hxg5 16. Qxg5 Qxg5 17. Nxg5 Rb8 18. h4 Nh5 19. Bf3 f6 20. Nxe6 Bxe6
21. Bxh5 Bd5 22. Rhg1 Kh7 23. Bg6+ Kh6 24. Bf5 g5 25. c4 Bf3 26. Rd3 Be2 27.
hxg5+ fxg5 28. Rh3+ Bh5 29. Bg4 Kg6 30. Bxh5+ Kf6 31. Rf3+ Ke7 32. Rxg5 Rxf3
33. Bxf3 1-0

[Event "41. Offene Stadtmeisterschaft"]
[Site "Bergisch Gladbach"]
[Date "2019.08.30"]
[Round "1.13"]
[White "Schneider, Erich"]
[Black "Mann, Günter"]
[Result "0-1"]
[WhiteElo "1135"]
[BlackElo "1728"]
[PlyCount "48"]
[EventDate "2020.??.??"]
[EventRounds "7"]

1. d4 e5 2. dxe5 Nc6 3. Nf3 Qe7 4. e3 Nxe5 5. Nc3 c6 6. Bd3 d5 7. O-O Bg4 8.
Be2 Nf6 9. Nxe5 Bxe2 10. Qxe2 Qxe5 11. Qf3 Bd6 12. g3 h5 13. Qf4 Qe6 14. Qh4
O-O-O 15. Ne2 g5 16. Nd4 gxh4 17. Nxe6 fxe6 18. Kg2 Rdg8 19. b3 hxg3 20. fxg3
Ne4 21. Rf3 h4 22. Bb2 Rh6 23. Kh3 hxg3+ 24. Kg2 Rxh2+ 0-1

[Event "41. Offene Stadtmeisterschaft"]
[Site "Bergisch Gladbach"]
[Date "2019.08.30"]
[Round "1.14"]
[White "Bosbach, Manfred"]
[Black "Barek, Gabriel"]
[Result "1-0"]
[WhiteElo "1718"]
[BlackElo "948"]
[PlyCount "63"]
[EventDate "2020.??.??"]
[EventRounds "7"]

1. e4 e5 2. Bc4 Bc5 3. Nf3 Nc6 4. c3 Nf6 5. d3 Ng4 6. O-O d6 7. h3 Nf6 8. Be3
Bxe3 9. fxe3 O-O 10. Nbd2 Rb8 11. d4 d5 12. exd5 Nxd5 13. Qe1 Re8 14. e4 Nf6
15. d5 b5 16. Bd3 Nh5 17. Qe3 Nf4 18. Nxe5 Nxe5 19. Rxf4 Nxd3 20. Qxd3 Qg5 21.
Raf1 Bxh3 22. Qxh3 b4 23. c4 Qe5 24. Rxf7 Qd4+ 25. Kh1 Qxd2 26. R1f2 Qe1+ 27.
Kh2 Qxe4 28. Qg3 g6 29. Qxc7 Rec8 30. Rg7+ Kh8 31. Rxh7+ Kg8 32. Qg7# 1-0

[Event "41. Offene Stadtmeisterschaft"]
[Site "Bergisch Gladbach"]
[Date "2019.08.30"]
[Round "1.15"]
[White "Blüggel, Theodor"]
[Black "König, Linus"]
[Result "0-1"]
[WhiteElo "926"]
[BlackElo "1706"]
[PlyCount "62"]
[EventDate "2020.??.??"]
[EventRounds "7"]

1. d4 Nf6 2. c4 e6 3. Nc3 d5 4. e3 Be7 5. b3 O-O 6. Bd3 Nbd7 7. Bb2 b6 8. Nge2
Bb7 9. O-O Ne4 10. Nxe4 dxe4 11. Bc2 f5 12. Bc3 Qe8 13. Nf4 Bd6 14. Nh3 Rf6 15.
b4 Rh6 16. Kh1 g5 17. c5 Bxh2 18. Kxh2 g4 19. Kg1 gxh3 20. g3 Nf6 21. d5 Nxd5
22. Qd4 Nxc3 23. Qxc3 h2+ 24. Kh1 Rd8 25. Rad1 Rd5 26. Bb3 Qh5 27. f4 exf3 28.
Rf2 Rxd1+ 29. Bxd1 Qh3 30. Qe5 Qg2+ 31. Rxg2 fxg2# 0-1

[Event "41. Offene Stadtmeisterschaft"]
[Site "Bergisch Gladbach"]
[Date "2019.08.30"]
[Round "1.16"]
[White "Urban, Michael"]
[Black "Bosbach, Katja"]
[Result "1-0"]
[WhiteElo "1675"]
[BlackElo "801"]
[PlyCount "83"]
[EventDate "2020.??.??"]
[EventRounds "7"]

1. d4 d5 2. Bf4 Nc6 3. e3 Nf6 4. h3 Bf5 5. c4 e6 6. Qb3 Rb8 7. a3 a6 8. Nc3 Na5
9. Qa4+ b5 10. Qxa5 Ra8 11. cxd5 exd5 12. Qxc7 Qxc7 13. Bxc7 Rc8 14. Be5 Nd7
15. Nf3 Be7 16. Kd2 O-O 17. Bd3 Bg6 18. Bxg6 fxg6 19. Bg3 Nf6 20. Rac1 Rcd8 21.
Kd3 Kh8 22. Rc2 Kg8 23. Rhc1 Kf7 24. Ng5+ Kg8 25. Ne6 Rd6 26. Bxd6 Bxd6 27.
Nxf8 Bxf8 28. g4 h6 29. f4 Kf7 30. e4 dxe4+ 31. Nxe4 Nd7 32. Rc7 Ke7 33. Nc5 g5
34. Nxd7 gxf4 35. Nxf8+ Kxf8 36. Ra7 Kg8 37. h4 Kh7 38. h5 f3 39. Rcc7 Kg8 40.
Rxg7+ Kf8 41. Rgb7 f2 42. Rb8# 1-0

[Event "41. Offene Stadtmeisterschaft"]
[Site "Bergisch Gladbach"]
[Date "2019.09.06"]
[Round "2.1"]
[White "Eilers, Jochen"]
[Black "Behle, Burkhard"]
[Result "1-0"]
[WhiteElo "2003"]
[BlackElo "1758"]
[PlyCount "43"]
[EventDate "2020.??.??"]
[EventRounds "7"]

1. g3 e5 2. c4 Nf6 3. Bg2 d5 4. cxd5 Nxd5 5. Nf3 Nc6 6. O-O Be7 7. d4 e4 8. Ne5
Nxe5 9. dxe5 Bf5 10. Bxe4 Bxe4 11. Qa4+ c6 12. Qxe4 O-O 13. Nd2 f5 14. exf6
Bxf6 15. Qc4 Kh8 16. Ne4 Nb6 17. Qc2 Be7 18. Be3 Nd5 19. Bc5 Qe8 20. Rad1 Rf5
21. Bxe7 Nxe7 22. Nd6 1-0

[Event "41. Offene Stadtmeisterschaft"]
[Site "Bergisch Gladbach"]
[Date "2019.09.06"]
[Round "2.2"]
[White "Winckler, Andreas"]
[Black "Ljuboschiz, Alexander"]
[Result "0-1"]
[WhiteElo "1759"]
[BlackElo "1928"]
[PlyCount "86"]
[EventDate "2020.??.??"]
[EventRounds "7"]

1. c4 g6 2. Nc3 Bg7 3. b4 e5 4. Bb2 d6 5. e3 f5 6. Nf3 Nf6 7. d3 O-O 8. Be2 a5
9. b5 Nbd7 10. Na4 b6 11. O-O Qe7 12. Qc2 Bb7 13. Rad1 e4 14. Nd2 exd3 15. Qxd3
Ne5 16. Qb3 Kh8 17. Rfe1 Rae8 18. Nc3 Ned7 19. Nf3 Nc5 20. Qc2 Nfe4 21. Nd5
Bxd5 22. Bxg7+ Qxg7 23. Rxd5 Nc3 24. Rd3 Nxe2+ 25. Rxe2 Nxd3 26. Qxd3 h6 27. g3
Kh7 28. h4 Re4 29. Nd4 Qf6 30. Kg2 Kg7 31. Re1 Rfe8 32. Rd1 R4e7 33. h5 Rf7 34.
hxg6 Qxg6 35. Rh1 Re4 36. Qd1 f4 37. exf4 Rfxf4 38. Ne2 Rf6 39. Nc3 Rxc4 40.
Nd5 Qe4+ 41. f3 Qc2+ 42. Kh3 Qxd1 43. Rxd1 Rxf3 0-1

[Event "41. Offene Stadtmeisterschaft"]
[Site "Bergisch Gladbach"]
[Date "2019.09.06"]
[Round "2.3"]
[White "Kuhn, Andreas"]
[Black "Schläbitz, Joel"]
[Result "1-0"]
[WhiteElo "1920"]
[BlackElo "1730"]
[PlyCount "49"]
[EventDate "2020.??.??"]
[EventRounds "7"]

1. d4 Nf6 2. Nf3 e6 3. g3 d5 4. c4 Be7 5. Bg2 O-O 6. O-O dxc4 7. Qc2 a6 8. a4
Bd7 9. Nbd2 c5 10. dxc5 Bxc5 11. Nxc4 Bc6 12. Rd1 Nbd7 13. Bf4 Rc8 14. Qb3 Bd5
15. Rac1 Ne4 16. Be3 Bxe3 17. Qxe3 Nxg3 18. hxg3 Rxc4 19. Rxc4 Bxc4 20. Qd4 Bd5
21. e4 Nf6 22. exd5 Nxd5 23. Ne5 Qa5 24. Bxd5 Rd8 25. Qf4 1-0

[Event "41. Offene Stadtmeisterschaft"]
[Site "Bergisch Gladbach"]
[Date "2019.09.06"]
[Round "2.4"]
[White "Nichte, Philipp"]
[Black "Gutt, Oswald"]
[Result "1/2-1/2"]
[WhiteElo "1746"]
[BlackElo "1882"]
[PlyCount "50"]
[EventDate "2020.??.??"]
[EventRounds "7"]

1. e4 c5 2. Nf3 e6 3. c3 d5 4. exd5 Qxd5 5. d4 Nf6 6. Bd3 Nc6 7. O-O Be7 8.
dxc5 Bxc5 9. Qc2 h6 10. b4 Bb6 11. a3 O-O 12. c4 Qh5 13. Bb2 e5 14. b5 Nd4 15.
Nxd4 Bxd4 16. Bxd4 exd4 17. Nd2 Be6 18. Ne4 Nxe4 19. Bxe4 Rac8 20. Bd3 Rc5 21.
Qa4 a6 22. bxa6 bxa6 23. Qxa6 Rfc8 24. Qd6 Qh4 25. Rfe1 R5c6 1/2-1/2

[Event "41. Offene Stadtmeisterschaft"]
[Site "Bergisch Gladbach"]
[Date "2019.09.06"]
[Round "2.5"]
[White "Themm, Rainer"]
[Black "Bosbach, Manfred"]
[Result "1/2-1/2"]
[WhiteElo "1836"]
[BlackElo "1718"]
[PlyCount "40"]
[EventDate "2020.??.??"]
[EventRounds "7"]

1. c4 c5 2. Nc3 e6 3. Nf3 Nc6 4. g3 d5 5. cxd5 exd5 6. d4 c4 7. Bg2 Bb4 8. O-O
Nge7 9. Bg5 f6 10. Bd2 Be6 11. e3 O-O 12. Ne2 Bxd2 13. Qxd2 Ng6 14. Qc2 Qd7 15.
a3 Bf5 16. Qd2 b6 17. Nc1 Rac8 18. Qc3 Bh3 19. Re1 Bxg2 20. Kxg2 Rfe8 1/2-1/2

[Event "41. Offene Stadtmeisterschaft"]
[Site "Bergisch Gladbach"]
[Date "2019.09.06"]
[Round "2.6"]
[White "Mann, Günter"]
[Black "Türkkan, Nuh"]
[Result "0-1"]
[WhiteElo "1728"]
[BlackElo "1812"]
[PlyCount "56"]
[EventDate "2020.??.??"]
[EventRounds "7"]

1. e4 c5 2. Nf3 Nc6 3. d4 cxd4 4. Nxd4 Nf6 5. Nc3 e5 6. Nb3 Bb4 7. Bd3 d5 8.
exd5 Qxd5 9. O-O Bxc3 10. bxc3 O-O 11. f3 h6 12. Re1 Rd8 13. Qe2 Be6 14. Bb2
Qd6 15. Rad1 Qc7 16. Qe3 Nd5 17. Qf2 f6 18. Nc5 Bf7 19. Nb3 Nce7 20. Qc5 Qxc5+
21. Nxc5 b6 22. Na6 Rac8 23. c4 Nf4 24. g3 Ne6 25. Ba3 Nc6 26. c3 Ng5 27. Kg2
Rxd3 28. Rxd3 Bxc4 {time} 0-1

[Event "41. Offene Stadtmeisterschaft"]
[Site "Bergisch Gladbach"]
[Date "2019.09.06"]
[Round "2.7"]
[White "Schäde, Maximilian"]
[Black "Urban, Michael"]
[Result "1/2-1/2"]
[WhiteElo "1769"]
[BlackElo "1675"]
[PlyCount "92"]
[EventDate "2020.??.??"]
[EventRounds "7"]

1. d4 d5 2. c4 e6 3. Nc3 Nf6 4. Bg5 Nbd7 5. e3 c6 6. cxd5 exd5 7. Bd3 Be7 8.
Nge2 h6 9. Bh4 Nb6 10. O-O Nh5 11. Bxe7 Qxe7 12. Qd2 O-O 13. f3 c5 14. e4 dxe4
15. Bxe4 cxd4 16. Nxd4 Nf6 17. Rfe1 Nxe4 18. Rxe4 Qd8 19. Rae1 Bd7 20. Qf4 Re8
21. Rxe8+ Bxe8 22. Nf5 Qf6 23. Ne4 Qxb2 24. Ned6 Nd5 25. Nxh6+ Kh8 26. Nhxf7+
Bxf7 27. Nxf7+ Kg8 28. Qc4 Qb6+ 29. Kh1 Nf6 30. Ng5+ Kh8 31. h3 Qa5 32. Qh4+
Kg8 33. Re7 Qd5 34. Re2 Rc8 35. Ne4 Nxe4 36. Qxe4 Rc1+ 37. Kh2 Qd6+ 38. f4 Qc6
39. Qd4 Rc5 40. Qd8+ Kh7 41. Qd3+ Qg6 42. Qb3 Qf5 43. g3 Rb5 44. Qc4 Qd5 45.
Qc2+ Qf5 46. Qc3 Rc5 1/2-1/2

[Event "41. Offene Stadtmeisterschaft"]
[Site "Bergisch Gladbach"]
[Date "2019.09.06"]
[Round "2.9"]
[White "Bosbach, Volker"]
[Black "Rohleder, Traugott"]
[Result "1/2-1/2"]
[WhiteElo "1669"]
[BlackElo "1655"]
[PlyCount "48"]
[EventDate "2020.??.??"]
[EventRounds "7"]

1. d4 Nf6 2. c4 g6 3. Nc3 Bg7 4. e4 d6 5. Bd3 Nc6 6. Nge2 O-O 7. O-O a6 8. a3
Rb8 9. b4 e5 10. d5 Ne7 11. Rb1 c6 12. a4 a5 13. Ba3 Ra8 14. bxa5 c5 15. Qb3
Rxa5 16. Qb6 Qxb6 17. Rxb6 Ra6 18. Rfb1 Nd7 19. Rxa6 bxa6 20. a5 f5 21. f3 Bh6
22. Bc2 Bd2 23. Ba4 Rd8 24. Bc6 Kf7 1/2-1/2

[Event "41. Offene Stadtmeisterschaft"]
[Site "Bergisch Gladbach"]
[Date "2019.09.06"]
[Round "2.11"]
[White "Nölle, Lisa"]
[Black "Gnass, Arno"]
[Result "0-1"]
[WhiteElo "1274"]
[BlackElo "1594"]
[PlyCount "38"]
[EventDate "2020.??.??"]
[EventRounds "7"]

1. d4 Nf6 2. Bf4 g6 3. Nc3 d5 4. Qd2 Bg7 5. Nf3 O-O 6. Bh6 Ne4 7. Qc1 c5 8.
Bxg7 Kxg7 9. e3 Qa5 10. Rb1 Nxc3 11. bxc3 Qxc3+ 12. Qd2 Qxd2+ 13. Kxd2 c4 14.
Rb5 e6 15. Be2 Nd7 16. Rhb1 Nf6 17. Rxb7 Ne4+ 18. Ke1 Bxb7 19. Rxb7 Rfb8 0-1

[Event "41. Offene Stadtmeisterschaft"]
[Site "Bergisch Gladbach"]
[Date "2019.09.06"]
[Round "2.12"]
[White "Shelukie, Magd"]
[Black "Nölle, Nathalie"]
[Result "1-0"]
[WhiteElo "1527"]
[BlackElo "1297"]
[PlyCount "157"]
[EventDate "2020.??.??"]
[EventRounds "7"]

1. d4 d6 2. e4 Nf6 3. Nc3 g6 4. Bf4 Nbd7 5. Qd2 c5 6. Nf3 cxd4 7. Nd5 Bg7 8.
Bd3 e5 9. Bg5 h6 10. Bh4 b6 11. Qb4 Nc5 12. Bb5+ Kf8 13. O-O Ncxe4 14. Nxe5
Nxd5 15. Qxd4 Qxh4 16. Qxd5 Bxe5 17. g3 Qe7 18. Qxa8 Kg7 19. Qxe4 f5 20. Qe2
Qb7 21. Rad1 f4 22. gxf4 Bh3 23. f3 Bxf1 24. Qxf1 Bxf4 25. Bd3 Rf8 26. Qg2 Be3+
27. Kh1 Qxf3 28. Qxf3 Rxf3 29. Re1 Bg5 30. Re6 d5 31. Rxg6+ Kf7 32. Rd6 d4 33.
Rxd4 Bf6 34. Rd7+ Ke6 35. Rxa7 Bxb2 36. Kg2 Rf6 37. Rc7 Ke5 38. a4 Bd4 39. Rc4
Rf2+ 40. Kg3 Rf6 41. c3 Bf2+ 42. Kg4 Kd5 43. Rc8 Be3 44. c4+ Kd4 45. Bf5 Kc3
46. Kf3 Bc1 47. Ke4 Kb4 48. Bd7 Rd6 49. Bb5 Bb2 50. h3 Rd4+ 51. Kf5 Rd6 52. Re8
Rf6+ 53. Ke4 Rd6 54. Rc8 Rd4+ 55. Kf3 Rd3+ 56. Kg4 Rd4+ 57. Kh5 Bc1 58. Rc6 Ka5
59. Kg6 Bf4 60. c5 bxc5 61. Rxc5 Rd6+ 62. Kf5 Be3 63. Re5 Bd4 64. Re4 Rf6+ 65.
Kg4 Bb2 66. Re8 Bd4 67. Ra8+ Kb4 68. Be8 Rf8 69. a5 Rg8+ 70. Kf3 Rf8+ 71. Ke4
Bc5 72. Kd5 Rf5+ 73. Kc6 Rf6+ 74. Kb7 Re6 75. a6 Rb6+ 76. Kc8 Ka5 77. a7 Ra6
78. Rb8 Rxa7 79. Rb5+ 1-0

[Event "41. Offene Stadtmeisterschaft"]
[Site "Bergisch Gladbach"]
[Date "2019.09.06"]
[Round "2.13"]
[White "Wilde, Christian"]
[Black "Stuch, Hans-Ferdinand"]
[Result "1/2-1/2"]
[WhiteElo "1177"]
[BlackElo "1519"]
[PlyCount "47"]
[EventDate "2020.??.??"]
[EventRounds "7"]

1. c4 Nf6 2. Nc3 g6 3. g3 Bg7 4. Bg2 O-O 5. Nf3 d6 6. O-O c5 7. e4 Nc6 8. d3
Bg4 9. Nd5 Nd4 10. Nxf6+ Bxf6 11. Bh6 Bg7 12. Bxg7 Kxg7 13. h3 Nxf3+ 14. Bxf3
Bxh3 15. Re1 Bd7 16. e5 Bc6 17. Bxc6 bxc6 18. Qe2 e6 19. exd6 Qxd6 20. Qe5+
Qxe5 21. Rxe5 Rfd8 22. Rd1 Rd6 23. Rxc5 Rad8 24. Ra5 1/2-1/2

[Event "41. Offene Stadtmeisterschaft"]
[Site "Bergisch Gladbach"]
[Date "2019.09.06"]
[Round "2.14"]
[White "Friske, Hans"]
[Black "Bernecker, Jan Magnus"]
[Result "1-0"]
[WhiteElo "1509"]
[BlackElo "1188"]
[PlyCount "79"]
[EventDate "2020.??.??"]
[EventRounds "7"]

1. e4 e6 2. d4 d5 3. e5 c5 4. c3 Nc6 5. Nf3 Qb6 6. Bd3 cxd4 7. cxd4 Nb4 8. O-O
Bd7 9. Be2 Ne7 10. a3 Nbc6 11. b4 Nf5 12. Bb2 a5 13. b5 Na7 14. a4 Rc8 15. Bd3
Be7 16. Qd2 O-O 17. Bc3 Qd8 18. Bxa5 b6 19. Bb4 Ra8 20. Rc1 Rc8 21. Bxe7 Qxe7
22. Na3 Rxc1+ 23. Qxc1 Qb4 24. Nc2 Qe7 25. Ne3 Rc8 26. Qb2 Nxe3 27. fxe3 f5 28.
exf6 Qxf6 29. Rf1 Be8 30. Qb4 Qd8 31. Ne5 Bh5 32. h3 Rc7 33. Qb1 Rc3 34. Bxh7+
Kh8 35. Bg6 Bxg6 36. Qxg6 Kg8 37. Qf7+ Kh8 38. Qxa7 Kg8 39. Qf7+ Kh8 40. Qxe6
1-0

[Event "41. Offene Stadtmeisterschaft"]
[Site "Bergisch Gladbach"]
[Date "2019.09.06"]
[Round "2.15"]
[White "Nölle, Michael"]
[Black "Schneider, Erich"]
[Result "1-0"]
[WhiteElo "1496"]
[BlackElo "1135"]
[PlyCount "47"]
[EventDate "2020.??.??"]
[EventRounds "7"]

1. d4 Nf6 2. Bf4 c5 3. e3 e6 4. Nf3 Qb6 5. Qc1 Be7 6. Nbd2 O-O 7. c3 d6 8. Nc4
Qc7 9. Qc2 b5 10. Ncd2 a6 11. h3 Bb7 12. Be2 Nbd7 13. g4 h6 14. g5 hxg5 15.
Bxg5 e5 16. Rg1 cxd4 17. Qf5 Rfe8 18. Bh6 Be4 19. Rxg7+ Kf8 20. Nxe4 dxc3 21.
Neg5 cxb2 22. Rxf7+ Kg8 23. Qg6+ Kh8 24. Qg7# 1-0

[Event "41. Offene Stadtmeisterschaft"]
[Site "Bergisch Gladbach"]
[Date "2019.09.06"]
[Round "2.16"]
[White "Barek, Gabriel"]
[Black "Schüers, Christian"]
[Result "0-1"]
[WhiteElo "948"]
[BlackElo "1482"]
[PlyCount "58"]
[EventDate "2020.??.??"]
[EventRounds "7"]

1. e4 c5 2. c3 Nc6 3. Bc4 e6 4. Nh3 Be7 5. Qg4 g6 6. d3 Ne5 7. Qe2 Nxc4 8. dxc4
b6 9. Be3 Bb7 10. Qc2 e5 11. f4 Nf6 12. Nd2 Ng4 13. Bg1 O-O 14. Qd1 Nf6 15. Qf3
exf4 16. Nxf4 Re8 17. O-O-O Bf8 18. Nd5 Bg7 19. b4 Nxd5 20. cxd5 cxb4 21. Nc4
d6 22. Bd4 bxc3 23. Bxg7 Kxg7 24. Qxc3+ Kg8 25. Qg3 Rxe4 26. Nxd6 Qc7+ 27. Kb1
Rb4+ 28. Ka1 Qc2 29. Qf3 Qb2# 0-1